000 00551nam a2200193Ia 4500
008 200601s9999 xx 000 0 und d
020 _a81-7524-144-6
050 _aREF QE 5
050 _b.A86 2003
245 0 _aA-Z illustrated encyclopedia of earth science /
245 0 _cedited & compiled by Priyanka Narang.
260 _aNew Delhi, India:
260 _bKSK Publishers & Distributors
260 _c2003
300 _a472 pages :
300 _billustrations ;
300 _c23 cm.
650 _aEarth science -- Dictionaries -- English.
999 _c363412
_d363412